Capital (Registo nº 25688)

Detalhes MARC
000 -Etiqueta do registo
Valores 00645nam a2200241 4500
010 ## - Número ISBN
ISBN 9789899847019
021 ## - Número do Depósito Legal
-- PT
Número 396836/15
090 ## -
-- 25688
100 ## - Dados gerais de processamento
Dados gerais 20160316d2015 c y0pory50030103ba
101 0# - Língua de publicação
-- por
102 ## - País de publicação
-- PT
200 1# - Titulo e menção de responsabilidade
Título próprio Capital
Primeira menção de responsabilidade Afonso Cruz
205 ## - Menção da edição
Edição 2ª. ed.
210 ## - Publicação
Local de publicação Lisboa
Nome do editor Pato Lógico
Data de publicação 2015
215 ## - Descrição física 
Paginação / Volumes [34] p.
Outras indicações físicas il.
Dimensões 26 cm
606 ## - Nome comum usado como assunto
ID Autoridade 187
Palavra de ordem Histórias para crianças
675 ## - CDU
Notação 8:087.5
700 ## - Autor principal (pessoa individual)
ID Autoridade 2556
Apelido Cruz
Nome Afonso
Datas 1971-
-- 070
801 #0 - Fonte de origem
País PT
Agência BN
Regras de catalogação RPC
856 41 - Localização e acesso electrónico 
URL <a href="http://rnod.bn.pt/ImagesBN/winlibimg.aspx?skey=&doc=1925570&img=74315&save=true">http://rnod.bn.pt/ImagesBN/winlibimg.aspx?skey=&doc=1925570&img=74315&save=true</a>
990 ## - Elementos KOHA
Tipo de documento Livro
994 ## - Estado da catalogação
-- COMP
Exemplares
Situação do levantamento Estado Biblioteca de origem Biblioteca de empréstimo Código de barras Cota Permissão de empréstimo Tipo de documento Nota relativa ao exemplar
  Completo Biblioteca Municipal de Viana Do Alentejo Biblioteca Municipal de Viana Do Alentejo 0031188 8 CRU Disponível Livro 6-10 anos




Powered by Koha